000 00759nam a2200193Ia 4500
008 160319s9999 xx 000 0 und d
245 _aBad Boys II /
245 _cColumbia Pictures presents a Don Simpson/Jerry Bruckheimer production ; a Michael Bay film ; produced by Jerry Bruckheimer ; story by Marianne Wibberley & Cormac Wibberley and Ron Shelton ; screenplay by Ron Shelton and Jerry Stahl ; directed by Michael B
260 _bMagnavision
260 _cNA
300 _a2 videodiscs (147 min.) :
300 _bsound, colored ;
300 _c4 3/4 in.
650 _aAction and adventure films.
650 _aComedy films.
650 _aDrug enforcement agents -- Drama.
650 _aEcstasy (Drug) -- Drama.
650 _aFeature films.
999 _c292812
_d292812